000 00501nam a2200133 4500
999 _c11307
_d11307
008 181115b ||||| |||| 00| 0 eng d
022 _a2094-8042
082 _aDPer 050 T48 Apr-June 2016 v. 59-60
245 _aHope Jahren:
_bthe triple- fulbright- winning geobiologist and author of a new memoir, lab girl, talks STEM sexism, manicures and mental health/
260 _aHong Kong;
_bTime Asia,
_cc2016.
300 _av187 n13, page 48:
_billustrations;
_c27cm.
650 0 _932530
_a1
942 _2ddc
_cPER